000 00204 a2200097 4500
020 _a9780822577850
041 _aspa
100 _aPatrick, Jean L.S.
245 _aLa nina que poncho a Babe Ruth
942 _cBK
999 _c4530
_d4530